| 000 | 00454nam a2200157 i 4500 | ||
|---|---|---|---|
| 001 | 58298 | ||
| 003 | ES-MaACL | ||
| 005 | 20230906163755.0 | ||
| 007 | t| | ||
| 008 | 031021s1934 sp ||||1| spa d | ||
| 100 | 1 |
_aDurán Hernando, Luis. _946221 |
|
| 245 | 1 | 0 |
_aPrincipios de metafísica _b: oleogramas / _cLuis Durán Hernando. |
| 260 |
_aMadrid : _bJ. M. Yagües, _c1934 ( _fSaez Hermanos) |
||
| 300 |
_a224 p. ; _c19 cm. |
||
| 852 |
_aES-MaACL _jA-2148 |
||
| 999 |
_c58298 _d58298 |
||